书目信息 |
| 题名: |
紊流力学
|
|
| 作者: | 窦国仁 著 | |
| 分册: | 上册 | |
| 出版信息: | 北京 人民教育出版社 1981 |
|
| 页数: | 309页 | |
| 开本: | 21cm | |
| 丛书名: | ||
| 单 册: | ||
| 中图分类: | O357.5 | |
| 科图分类: | ||
| 主题词: | 湍流-流体力学 , 流体力学-湍流 | |
| 电子资源: | ||
| ISBN: | ||
| 000 | 00620nam0 2200241 45 | |
| 001 | 0181004884 | |
| 005 | 20060808162844.62 | |
| 010 | @dCNY1.05(上) | |
| 091 | @aCN@b15012.0376(上) | |
| 100 | @a19950221d1981 em y0chiy0121 ea | |
| 101 | 0 | @achi |
| 102 | @aCN@b110000 | |
| 105 | @ay z 000yy | |
| 200 | 10 | @a紊流力学@Awen liu li xue@h上册@f窦国仁著 |
| 210 | @a北京@c人民教育出版社@d1981 | |
| 215 | @a309页@d21cm | |
| 606 | @a湍流-流体力学 | |
| 606 | @a流体力学-湍流 | |
| 690 | @aO357.5@v3 | |
| 701 | 0 | @a窦国仁@Adou guo ren@4著 |
| 801 | 2 | @aCN@bNLC@c20060808 |
| 801 | 0 | @aCN@bTSSF |
| 905 | @a10447@dO357.5@e5:1 | |
| 紊流力学.上册/窦国仁著.-北京:人民教育出版社,1981 |
| 309页;21cm |
| ISBN :CNY1.05(上) |
| ● |
| 相关链接 |
|
|
|
|
正题名:紊流力学
索取号:O357.5/5:1
 
预约/预借
| 序号 | 登录号 | 条形码 | 馆藏地/架位号 | 状态 | 备注 |
| 1 | 0449853 | 204498533 | 密集书库/ [索取号:O357.5/5:1] | 在馆 | |
| 2 | 0449854 | 204498542 | 密集书库/ [索取号:O357.5/5:1] | 在馆 | |
| 3 | 0449855 | 204498551 | 密集书库/ [索取号:O357.5/5:1] | 在馆 |